The tracker (Record no. 82193)
[ view plain ]
| 000 -LEADER | |
|---|---|
| fixed length control field | 01021cab a22002055a 4500 |
| 001 - CONTROL NUMBER | |
| control field | L149515 |
| 008 - FIXED-LENGTH DATA ELEMENTS--GENERAL INFORMATION | |
| fixed length control field | 100309e20100212xxkd f s 000 0 eng d |
| 035 ## - SYSTEM CONTROL NUMBER | |
| System control number | (Sirsi) u149515 |
| 041 0# - LANGUAGE CODE | |
| Language code of text/sound track or separate title | eng |
| 110 2# - MAIN ENTRY--CORPORATE NAME | |
| Corporate name or jurisdiction name as entry element | Experian Business Strategies |
| 9 (RLIN) | 4789 |
| 245 04 - TITLE STATEMENT | |
| Title | The tracker |
| Remainder of title | on the sunny side |
| 260 ## - PUBLICATION, DISTRIBUTION, ETC. | |
| Date of publication, distribution, etc. | 2010 |
| 490 ## - SERIES STATEMENT | |
| Series statement | Building Magazine |
| Volume/sequential designation | 275 (8616) 12 February 2010, 53-54(2) |
| 520 ## - SUMMARY, ETC. | |
| Summary, etc. | Experian Business Strategies' "Focus survey of construction activity" of December 2009 reveals construction activity still declining although the rate of decline had eased with the index rising four points to 45. Tender enquiries increased in December but firms struggled to convert these into actual orders with the index here remaining stable at 43. Construction employment continued a bleak trend with the indicator falling to an eight month low of 34. |
| 590 ## - LOCAL NOTE (RLIN) | |
| Local note | KA |
| 650 24 - SUBJECT ADDED ENTRY--TOPICAL TERM | |
| Topical term or geographic name entry element | EXPERIAN CONSTRUCTION INDUSTRY FOCUS |
| 651 #4 - SUBJECT ADDED ENTRY--GEOGRAPHIC NAME | |
| Geographic name | United Kingdom |
| Chronological subdivision | |
| 690 ## - LOCAL SUBJECT ADDED ENTRY--TOPICAL TERM (OCLC, RLIN) | |
| Topical term or geographic name as entry element | BUILT ENVIRONMENT-CONSTRUCTION MARKET |
| 942 ## - ADDED ENTRY ELEMENTS (KOHA) | |
| Suppress in OPAC | 0 |
| Withdrawn status | Lost status | Source of classification or shelving scheme | Damaged status | Not for loan | Home library | Current library | Shelving location | Date acquired | Total Checkouts | Full call number | Barcode | Date last seen | Copy number | Price effective from | Koha item type |
|---|---|---|---|---|---|---|---|---|---|---|---|---|---|---|---|
| Dewey Decimal Classification | London | London | Journal article | 15/03/2010 | L149515 | 149515-1001 | 06/08/2019 | 1 | 06/08/2019 | Journal article |